00381nam a22001217a 450000500170000000800410001702000160005808200240007424500730009826000580017130000120022965000180024120240221074407.0240221b |||||||| |||| 00| 0 eng d a0803993587. 222a320.5409.bCIT. aCitizenship and national identity :bFrom Colonialism to Globalism / aNew Delhi :bSage publications India Pvt Ltd /c1997. a323 p., aNationalism .